Los derechos de los pueblos indg̕enas y el desarrollo rural

Detalles Bibliográficos
Autor principal: Lp̤ez Br̀cenas, Francisco
Formato: eBook
Lenguaje:español
Publicado: Ciudad de Mx̌ico: Cm̀ara de Diputados, 2007
Materias:
Acceso en línea:Acceso restringido

MARC

LEADER 00000nam a22000007a 4500
005 20180320203416.0
007 cr|||| ||||
008 180320s2007 mx |||||s||||f00||0 spa d
020 |a 970-95143-8-5 
035 |a 21112 
040 |a vLex 
090 |c 7513  |d 7513 
100 1 |a Lp̤ez Br̀cenas, Francisco 
245 1 3 |a Los derechos de los pueblos indg̕enas y el desarrollo rural  |h [Recurso electrn̤ico] /  |c Francisco Lp̤ez Br̀cenas 
256 |a Servicio en ln̕ea 
260 |a Ciudad de Mx̌ico:  |b Cm̀ara de Diputados,  |c 2007 
300 |a 1 recurso electrn̤ico 
506 1 |a Disponible solo en los productos indicados  |d vLex Global  |d vLex Global (Academic Edition, excluding Law Schools)  |d vLex Global (U.S. Academic Edition, Law Schools)  |d vLex Global (U.S. Academic Edition, excluding Law Schools)  |d vLex Global (Academic Edition, Law Schools) 
650 0 4 |a Derecho Constitucional  |z Mx̌ico 
740 0 |a vLex Libros (Servicio en ln̕ea) 
856 4 0 |u http://vlex.com/source/derechos-pueblos-indigenas-desarrollo-rural-21112  |z Acceso restringido 
942 |c BOOK 
999 0 |a Constitutional right